LEADER 01015nam0-2200337---450- 001 990008417020403321 005 20080326144024.0 010 $a88-263-1501-9 035 $a000841702 035 $aFED01000841702 035 $a(Aleph)000841702FED01 035 $a000841702 100 $a20061110d2004----km-y0itay50------ba 101 1 $aita 102 $aIT 105 $ay---a---0010y 200 1 $a<>polifonia del sogno$el'esperienza onirica comune e condivisa$fRené Kaës$gpresentazione all'edizione italiana di Claudio Neri 210 $aRoma$cBorla$d2004 215 $a295 p.$d21 cm 225 1 $aProspettive della ricerca psicoanalitica$v38 610 0 $aSogno$aInterpretazione 676 $a154.63$v21$zita 700 1$aKaës,$bRené$f<1936- >$0748315 702 1$aNeri,$bClaudio 801 0$aIT$bUNINA$gRICA$2UNIMARC 901 $aBK 912 $a990008417020403321 952 $aP.1 PG 603$bBibl. 54605$fFLFBC 959 $aFLFBC 996 $aPolifonia del sogno$91498515 997 $aUNINA LEADER 00813nam0-22003131i-450- 001 990002004920403321 005 20040503133408.0 035 $a000200492 035 $aFED01000200492 035 $a(Aleph)000200492FED01 035 $a000200492 100 $a20030910d1963----km-y0itay50------ba 101 0 $aeng 102 $aGB 105 $ay---a---001yy 200 1 $aEvolution$ethe modern synthesis$fJulian Huxley 205 $a2nd ed. 210 $aLondon$cGeorge Allen and Unwin$d1963 215 $a652 p.$d22 cm 610 0 $aEvoluzione$aTeorie 676 $a575.016 700 1$aHuxley,$bJulian$047893 801 0$aIT$bUNINA$gRICA$2UNIMARC 901 $aBK 912 $a990002004920403321 952 $a61 III A.3/59$b2484$fDAGEN 959 $aDAGEN 996 $aEvolution$9402957 997 $aUNINA LEADER 01606nam0-22004331i-450 001 990004095480403321 005 20180330113529.0 010 $a3-484-21194-6$bv. 1 010 $a3-484-21200-4$bv. 2 010 $a3-484-20201-7$b3 035 $aFED01000409548 035 $a(Aleph)000409548FED01 035 $a000409548 100 $a19990604g19861990km-y0itay50------ba 101 0 $ager$alat$agoh 102 $aDE 105 $ay-------001yy 200 1 $aBoethius, "De consolatione Philosophiae"$fNotker der Deutsche$gherausgegeben von Petrus W. Tax 210 $aTübingen$cNiemeyer$d1986-1990 215 $a3 v.$d24 cm 225 1 $aAltdeusche Textbibliothek$v94$v100$v101 225 1 $a<>Werke Notkers des Deutschen$v1$v2$v3 327 1 $a1.: Buch 1./2.$a2.: Buch 3$a3.: Buch 4./5. 500 10$aPhilosophiae consolatio$m$916046 517 1 $aConsolatio philosophiae 610 0 $aBoezio$aPhilosophiae consolatio$aTesto e traduzione antico alto tedesca$aCodici$aEdizioni e concordanze 676 $a870.02$v22$zita 700 1$aBoethius,$bAnicius Manlius Torquatus Severinus$f<475/480-ca. 524/525>$0182801 702 1$aTax,$bPetrus W. 702 0$aNotker :$cLabeo$f 801 0$aIT$bUNINA$gRICA$2UNIMARC 901 $aBK 912 $a990004095480403321 952 $aP2B-650-BOETHIUS-419A (1)-1986$bDFM.3326$fFLFBC 952 $aP2B-650-BOETHIUS-419A (2)-1988$bDFM.3327$fFLFBC 952 $aP2B-650-BOETHIUS-419A (3)-1990$bDFM.4418$fFLFBC 959 $aFLFBC 996 $aPhilosophiae consolatio$916046 997 $aUNINA LEADER 01133nam0M2200361--I450- 001 990002950210203316 005 20091027134904.0 035 $a000295021 035 $aUSA01000295021 035 $a(ALEPH)000295021USA01 035 $a000295021 100 $a20070627d1983----||itac50 ba 101 $aita 102 $aIT 200 1 $aAnomalie e tutele nei rapporti di distribuzione fra imprese$ediritto dei contratti e regole di concorrenza$fGiuseppe Vettori 210 $aMilano$cGiuffre$d1983 215 $a245 p.$d26 cm 225 0 $aPubblicazioni della Facolta di giurisprudenza$v49 606 $aContratti commerciali 606 $aConcorrenza sleale 676 $a346.7 676 $a346.45072 700 1$aVETTORI,$bGiuseppe$0229393 801 0$aIT$bICCU$c20070610 912 $a990002950210203316 951 $aV A 27$b505 DIL 951 $aXXV.1.H. 534$b14926 EC$cXXV.1.H.$d00244151 959 $aBK 969 $aDIL 979 $aDIL$b10$c20070627$lUSA01$h1449 979 $aRSIAV1$b90$c20091027$lUSA01$h1349 996 $aAnomalie e tutele nei rapporti di distribuzione fra imprese$9894780 997 $aUNISA